Problematika devízového kurzu v súvislosti s vyrovnanosťou platobnej bilancie kandidátska dizertačná práca
Gespeichert in:
| 1. Verfasser: | |
|---|---|
| Körperschaft: | |
| Weitere Verfasser: | |
| Format: | Buch |
| Sprache: | Slowakisch |
| Veröffentlicht: |
Bratislava
1992
|
| Schlagworte: | |
| Tags: |
Keine Tags, Fügen Sie das erste Tag hinzu!
|
MARC
| LEADER | 00000nam a2200000 4500 | ||
|---|---|---|---|
| 001 | c012897 | ||
| 005 | 20221214090421.8 | ||
| 041 | 0 | |a slo | |
| 044 | |a SK | ||
| 245 | 1 | 0 | |a Problematika devízového kurzu v súvislosti s vyrovnanosťou platobnej bilancie |b kandidátska dizertačná práca |c Nguyen Van Tien ; Škol. Irena Hlavatá |
| 264 | 1 | |a Bratislava |c 1992 | |
| 300 | |a 145 s. | ||
| 610 | 2 | 0 | |a kurz devízový |
| 610 | 2 | 0 | |a bilancia platobná |
| 610 | 2 | 0 | |a financie medzinárodné |
| 610 | 2 | 0 | |a devízy |
| 100 | 1 | |a Nguyen Van Tien | |
| 700 | 1 | |a Hlavatá, Irena | |
| 710 | 2 | |a Vysoká škola ekonomická v Bratislave. Národohospodárska fakulta | |